| 000 | 00529nam a2200157Ia 4500 | ||
|---|---|---|---|
| 008 | 140609s9999 xx 000 0 und d | ||
| 050 |
_aRB 53 _b.N964 [2010] |
||
| 100 | _aNuevo, Jose Jurel M. | ||
| 245 |
_aLaboratory manual in analysis of urine and body fluids / _cJose Jurel M. Nuevo, Katrina Abegail A. Tuazon |
||
| 260 |
_a[Philippines] : _b[Medical Laboratory Science], _c[c2010?]. |
||
| 300 |
_a70 leaves : _bill. ; _c28 cm. |
||
| 521 | _aNUR | ||
| 650 | _aDiagnosis, Laboratory. | ||
| 942 |
_kLOC _cBK |
||
| 999 |
_c117973 _d117973 |
||